Thành phố Hồ Chí Minh vùng đô thị hiện tại và tương lai
Dự án Quốc gia VIE/95/051: "Tăng cường năng lực quản lý và quy hoạch đô thị tại Thành phố Hồ Chí Minh". Tài liệu lưu hành nội bộ.
Đã lưu trong:
| Tác giả chính: | |
|---|---|
| Tác giả khác: | |
| Định dạng: | Sách |
| Ngôn ngữ: | Undetermined |
| Được phát hành: |
Tp. Hồ Chí Minh
1998
|
| Những chủ đề: | |
| Truy cập trực tuyến: | http://lrc.tdmu.edu.vn/opac/search/detail.asp?aID=2&ID=15580 |
| Các nhãn: |
Thêm thẻ
Không có thẻ, Là người đầu tiên thẻ bản ghi này!
|
| Thư viện lưu trữ: | Trung tâm Học liệu Trường Đại học Thủ Dầu Một |
|---|
| LEADER | 00975nam a2200193Ia 4500 | ||
|---|---|---|---|
| 001 | TDMU_15580 | ||
| 008 | 210410s9999 xx 000 0 und d | ||
| 082 | |a 307.7659779 | ||
| 100 | |a Trần, Thanh An | ||
| 245 | 0 | |a Thành phố Hồ Chí Minh vùng đô thị hiện tại và tương lai | |
| 245 | 0 | |c Trần Thanh An (biên tập), Nguyễn Hoài Nam (trình bày) | |
| 260 | |a Tp. Hồ Chí Minh | ||
| 260 | |c 1998 | ||
| 300 | |a 195 tr. | ||
| 520 | |a Dự án Quốc gia VIE/95/051: "Tăng cường năng lực quản lý và quy hoạch đô thị tại Thành phố Hồ Chí Minh". Tài liệu lưu hành nội bộ. | ||
| 650 | |a Đô thị |x Quy hoạch và phát triển |z Việt Nam |z Thành phố Hồ Chí Minh | ||
| 700 | |a Nguyễn, Hoài Nam | ||
| 856 | |u http://lrc.tdmu.edu.vn/opac/search/detail.asp?aID=2&ID=15580 | ||
| 980 | |a Trung tâm Học liệu Trường Đại học Thủ Dầu Một | ||